[Event "Fraiburgo Alvino Memorial 3rd"]
[Site "Fraiburgo"]
[Date "2013.07.21"]
[Round "6"]
[White "Frigotto, Gabriela Carolina C"]
[Black "Oliveira, Denyam Lauth"]
[Result "0-1"]
[WhiteElo "1814"]
[BlackElo "1639"]
[PlyCount "54"]
[EventDate "2013.07.19"]
[EventType "swiss"]
[EventRounds "6"]
[EventCountry "BRA"]
[SourceTitle "CBM 155 Extra"]
[Source "ChessBase"]
[SourceDate "2013.08.26"]
[SourceVersion "1"]
[SourceVersionDate "2013.08.26"]
[SourceQuality "1"]

1. e4 e5 2. Nf3 Nc6 3. Bc4 d6 4. h3 Be7 5. Nc3 Nf6 6. d3 Na5 7. Bb3 0-0 8. 0-0 Nxb3 9. cxb3 c6 10. Bg5 h6 11. Bh4 Nh7 12. Bxe7 Qxe7 13. d4 f5 14. Re1 f4 15. dxe5 dxe5 16. Qe2 Ng5 17. Kh2 Nxf3+ 18. Qxf3 Be6 19. Rad1 Kh7 20. Rd2 Rf7 21. Red1 Rg8 22. Rd6 g5 23. Qh5 Rg6 24. R6d3 Qf6 25. Qe2 g4 26. Kh1 gxh3 27. gxh3 f3 0-1